Pässe Tirols - Statistiken

Allgemein
  • Dieses Quiz wurde 90 mal gespielt
  • Das Durchschnittsergebnis liegt bei 5 aus 27
Antwortstatistiken
Hint Antwort % Korrekt
Nassereith - Ehrwald Fernpass
73%
Sterzing (IT) - Gries Brennerpass
66%
St. Anton - Stuben Arlbergpass
58%
Obergurgl – St. Leonhard in Passeier (I) Timmelsjoch
48%
Krimml – Gerlos Gerlospass
44%
Mittersill – Kitzbühel Pass Thurn
33%
St. Jakob im Defereggental – Antholz (I) Staller Sattel
31%
Boden – Imst Hahntennjoch
23%
Nassereith – Obsteig Holzleitensattel
14%
Weißenbach am Lech – Tannheimertal Gaichtpass
13%
Lienz – Winklern Iselsberg
13%
Bad Hindelang (D) – Tannheim Oberjochpass
13%
Galtür - Partenen Bielerhöhe
11%
Kartitsch – Obertilliach Kartitscher Sattel
9%
Mittenwald (D) – Seefeld Scharnitzpass
9%
Lofer – Waidring Pass Strub
8%
Martinsbruck (CH) – Nauders Norbertshöhe
6%
Fließ / Kauns – Wenns Pillerhöhe
6%
Ettal (D) - Reutte Ammersattel
5%
Reith im Alpbachtal – Hart im Zillertal Kerschbaumer Sattel
5%
Sand in Taufers (IT) – Sankt Jakob in Defereggen Klammljoch
5%
Oetz – Sellrain Kühtaisattel
5%
Bayrischzell (D) – Thiersee Ursprungpass
5%
Fieberbrunn – Leogang Grießenpass
3%
Haiming – Ochsengarten Haiminger Sattel
3%
Zirl – Mittenwald (D) Seefelder Sattel
3%
Leutasch - Telfs/Seefeld Buchener Höhe
2%
Keine übereinstimmenden Quizze gefunden
Verteilung der Resultate
Anzahl Personen mit jedem Resultat
Perzentil nach korrekt beantworteten Fragen
Ihre Resultats-Entwicklung
Sie haben dieses Quiz noch nicht gespielt